Salesforce in action: A guide to administrator essentials and advanced Salesforce features across sales, service, and marketing cloud (Record no. 396948)
[ view plain ]
| 000 -LEADER | |
|---|---|
| fixed length control field | 00623 a2200205 4500 |
| 005 - DATE & TIME | |
| control field | 20260406113648.0 |
| 008 - FIXED-LENGTH DATA ELEMENTS--GENERAL INFORMATION | |
| fixed length control field | 260403b |||||||| |||| 00| 0 eng d |
| 020 ## - ISBN | |
| International Standard Book Number | 9789365892222 |
| Price | Rs. 1199.00 |
| 040 ## - CATALOGING SOURCE | |
| Original cataloging agency | VIVEKANANDA LIBRARY |
| 082 ## - DDC NUMBER | |
| Classification number | 658.872 |
| Book Number | W582S |
| 100 ## - MAIN ENTRY--PERSONAL NAME | |
| Personal name | White, Andy |
| 110 ## - MAIN ENTRY--CORPORATE NAME | |
| Corporate name | White, Andy |
| 245 ## - TITLE STATEMENT | |
| Title | Salesforce in action: A guide to administrator essentials and advanced Salesforce features across sales, service, and marketing cloud |
| 260 ## - PUBLICATION, DISTRIBUTION, ETC. (IMPRINT) | |
| Name of publisher, distributor, etc | BPB Publications |
| Place of publication, distribution, etc | New Delhi |
| Date of publication, distribution, etc | 2026 |
| 300 ## - PHYSICAL DESCRIPTION | |
| Pages | xxv, 408 |
| 650 ## - Subject | |
| Subject | Management |
| 650 ## - Subject | |
| Subject | Marketing |
| 650 ## - Subject | |
| Subject | Sales and Selling |
| 942 ## - ADDED ENTRY ELEMENTS (KOHA) | |
| Koha item type | Books |
| Withdrawn status | Lost status | Source of classification or shelving scheme | Damaged status | Not for loan | Location (home branch) | Sublocation or collection (holding branch) | Shelving location | Date acquired | Koha issues (times borrowed) | Koha full call number | Accession No. | Koha date last seen | Koha item type |
|---|---|---|---|---|---|---|---|---|---|---|---|---|---|
| Dewey Decimal Classification | VIVEKANANDA LIBRARY | VIVEKANANDA LIBRARY | IMSAR Library | 18/03/2026 | 658.872 W582S | 420955 | 18/03/2026 | Books | |||||
| Dewey Decimal Classification | VIVEKANANDA LIBRARY | VIVEKANANDA LIBRARY | IMSAR Library | 18/03/2026 | 658.872 W582S | 420954 | 18/03/2026 | Books | |||||
| Dewey Decimal Classification | VIVEKANANDA LIBRARY | VIVEKANANDA LIBRARY | IMSAR Library | 18/03/2026 | 658.872 W582S | 420953 | 18/03/2026 | Books |
